[Event "Morbihan-ch 1213"]
[Site "France"]
[Date "2012.10.27"]
[Round "1"]
[White "Peyre, Jean Jacques"]
[Black "Thebaut, Herve"]
[Result "1-0"]
[WhiteElo "1672"]
[BlackElo "1454"]
[PlyCount "149"]
[EventDate "2012.10.27"]
[EventType "swiss"]
[EventRounds "7"]
[EventCountry "FRA"]
[SourceTitle "EXT 2014"]
[Source "ChessBase"]
[SourceDate "2013.11.20"]
[SourceVersion "1"]
[SourceVersionDate "2013.11.20"]
[SourceQuality "1"]

1. g3 d5 2. Bg2 Nf6 3. Nf3 Bf5 4. 0-0 Nc6 5. d4 Nb4 6. Na3 e6 7. c3 Nc6 8. Nc2 Be7 9. Nce1 0-0 10. Nh4 Be4 11. f3 Bg6 12. Nxg6 hxg6 13. Nd3 Kh7 14. e4 Rh8 15. e5 Nd7 16. Qe2 Kg8 17. Be3 Na5 18. b3 Rb8 19. Kh1 b6 20. Bg1 c5 21. Rac1 c4 22. bxc4 Nxc4 23. Nb4 Rc8 24. f4 Qf8 25. Nc2 Ba3 26. Nxa3 Qxa3 27. Rb1 Qxc3 28. Rfc1 Qxg3 29. Rb3 Qxf4 30. Rf3 Qxc1 31. Rf1 Qg5 32. Qf3 Qe7 33. Qe2 Nb8 34. a4 Nc6 35. Rc1 Qa3 36. Rf1 Qxa4 37. Qg4 Re8 38. Bxd5 exd5 39. Qd7 Rf8 40. e6 Qa3 41. exf7+ Rxf7 42. Qxf7+ Kh7 43. Rf3 Qxf3+ 44. Qxf3 Rd8 45. Qh3+ Kg8 46. Qe6+ Kh7 47. Qxc6 Rd6 48. Qc8 a5 49. Qh3+ Kg8 50. Bf2 Rf6 51. Bg3 Rf5 52. Qh4 Kf7 53. Qd8 a4 54. Qd7+ Kf8 55. Kg2 a3 56. Qd8+ Kf7 57. Qd7+ Kf8 58. Bd6+ Nxd6 59. Qxd6+ Kg8 60. Qxa3 Kh7 61. Qb3 Kg8 62. Qxb6 Kh7 63. Qd8 Rh5 64. Kg3 Rf5 65. Kg4 Rh5 66. Qd7 Kg8 67. h4 Kf8 68. Qd8+ Kf7 69. Qd6 Rf5 70. Qd7+ Kf6 71. Qe8 Rh5 72. Qf8+ Ke6 73. Qxg7 Rxh4+ 74. Kxh4 Kf5 75. Qe5# 1-0

[Event "Morbihan-ch 1112"]
[Site "Morbihan"]
[Date "2011.11.19"]
[Round "2.14"]
[White "Le Coz, Yannick"]
[Black "Thebaut, Herve"]
[Result "0-1"]
[WhiteElo "1648"]
[BlackElo "1490"]
[PlyCount "96"]
[EventDate "2011.10.08"]
[EventType "swiss"]
[EventRounds "7"]
[EventCountry "FRA"]
[SourceTitle "EXT 2014"]
[Source "ChessBase"]
[SourceDate "2013.11.20"]
[SourceVersion "1"]
[SourceVersionDate "2013.11.20"]
[SourceQuality "1"]

1. e4 d5 2. e5 d4 3. d3 c5 4. f4 Nc6 5. Be2 Bf5 6. g4 Bd7 7. h4 e6 8. Na3 Be7 9. Nf3 Nh6 10. Ng5 Nb4 11. c3 Nd5 12. c4 Nb4 13. Nc2 Bc6 14. Rh2 Nxc2+ 15. Qxc2 Qc7 16. Bd2 0-0-0 17. 0-0-0 Qd7 18. Rg1 Rdg8 19. Ba5 b6 20. Bd2 f6 21. Nf3 Qb7 22. Rf2 Nf7 23. g5 fxg5 24. fxg5 Qc7 25. Bf4 Rf8 26. Qd2 Bxf3 27. Bxf3 Nxe5 28. Bh1 Nxd3+ 29. Qxd3 Rxf4 30. Qg3 Bd6 31. Qg2 Kd7 32. Rxf4 Bxf4+ 33. Kd1 Rf8 34. Qe4 Be3 35. Re1 g6 36. Kc2 Rf4 37. Qd3 Rxh4 38. Rxe3 Rxh1 39. Re2 Rh2 40. Qe4 Rxe2+ 41. Qxe2 Qf4 42. Qg2 Qc7 43. Qh3 Kd6 44. Qg3+ e5 45. Qf3 Qe7 46. Qg3 Qf7 47. Kb3 Qf4 48. Qh2 Qxh2 0-1

[Event "Morbihan-ch 0910"]
[Site "Morbihan"]
[Date "2010.04.24"]
[Round "7.13"]
[White "Bezy, Bernard"]
[Black "Thebaut, Herve"]
[Result "1-0"]
[WhiteElo "1680"]
[BlackElo "1420"]
[PlyCount "77"]
[EventDate "2009.10.10"]
[EventType "swiss"]
[EventRounds "7"]
[EventCountry "FRA"]
[SourceTitle "EXT 2014"]
[Source "ChessBase"]
[SourceDate "2013.11.20"]
[SourceVersion "1"]
[SourceVersionDate "2013.11.20"]
[SourceQuality "1"]

1. f4 d5 2. Nf3 g6 3. Nc3 c6 4. b3 Bg7 5. Bb2 Nf6 6. e3 Bf5 7. d3 0-0 8. h3 Qb6 9. Nd4 Re8 10. Na4 Qc7 11. Nxf5 gxf5 12. g4 e6 13. g5 Nfd7 14. Bxg7 Kxg7 15. Qh5 Qa5+ 16. Ke2 b5 17. Qh6+ Kg8 18. c3 bxa4 19. b4 Qb6 20. d4 Qc7 21. Kd2 Qd6 22. Bd3 Qf8 23. Qh5 Nb6 24. Qe2 N8d7 25. Rag1 a5 26. a3 axb4 27. cxb4 Nc8 28. h4 Qe7 29. h5 Nf8 30. Rg3 Ra7 31. Qh2 Nd6 32. g6 fxg6 33. hxg6 h6 34. Qxh6 Qg7 35. Qh2 Nxg6 36. Rxg6 Ree7 37. Qh8+ Kf7 38. Rxg7+ Kf6 39. Rh6# 1-0

[Event "Morbihan-ch 0910"]
[Site "Morbihan"]
[Date "2010.02.06"]
[Round "4.11"]
[White "Thebaut, Herve"]
[Black "Loizil, Joel"]
[Result "0-1"]
[WhiteElo "1420"]
[BlackElo "1757"]
[PlyCount "86"]
[EventDate "2009.10.10"]
[EventType "swiss"]
[EventRounds "7"]
[EventCountry "FRA"]
[SourceTitle "EXT 2014"]
[Source "ChessBase"]
[SourceDate "2013.11.20"]
[SourceVersion "1"]
[SourceVersionDate "2013.11.20"]
[SourceQuality "1"]

1. d4 Nf6 2. g3 e6 3. Bg2 d5 4. Nf3 Be7 5. 0-0 0-0 6. Nbd2 c5 7. c3 Nc6 8. e3 b6 9. c4 Bb7 10. Qa4 Qc7 11. Re1 Nb4 12. Qb3 dxc4 13. Qxc4 Ba6 14. Qb3 Nd3 15. Rd1 Rac8 16. Nc4 Nb4 17. Nce5 c4 18. Qc3 Ne4 19. Qe1 Nc2 20. Qe2 Nxa1 21. Nd2 Nf6 22. Ne4 b5 23. Nxf6+ Bxf6 24. Ng4 Be7 25. Ne5 Bd6 26. Nf3 c3 27. bxc3 Qxc3 28. Bb2 Qc2 29. Rd2 Qb1+ 30. Rd1 Rc2 31. Rxb1 Rxe2 32. Bxa1 Rxa2 33. Ng5 Rc8 34. Ne4 Be7 35. Bh3 b4 36. g4 Bd3 37. Re1 Bxe4 38. Rf1 Rcc2 39. d5 exd5 40. f3 Bd3 41. Rd1 Bc4 42. e4 Bc5+ 43. Bd4 Bxd4+ 0-1

[Event "Morbihan-ch 0910"]
[Site "Morbihan"]
[Date "2010.01.16"]
[Round "3.14"]
[White "Thebaut, Herve"]
[Black "Bonhomme, Christian"]
[Result "1-0"]
[WhiteElo "1499"]
[BlackElo "1629"]
[PlyCount "91"]
[EventDate "2009.10.10"]
[EventType "swiss"]
[EventRounds "7"]
[EventCountry "FRA"]
[SourceTitle "EXT 2014"]
[Source "ChessBase"]
[SourceDate "2013.11.20"]
[SourceVersion "1"]
[SourceVersionDate "2013.11.20"]
[SourceQuality "1"]

1. d4 Nf6 2. g3 e6 3. Bg2 d5 4. Nf3 c6 5. 0-0 Bd6 6. e3 0-0 7. Nbd2 Nbd7 8. a3 e5 9. c4 exd4 10. exd4 dxc4 11. Nxc4 Bc7 12. b4 h6 13. Bb2 Nd5 14. Qc2 N7f6 15. Rfe1 Be6 16. Nce5 Qc8 17. Bf1 Rd8 18. Rad1 Bd6 19. Nc4 Bf8 20. Nfe5 Qc7 21. Ng6 Bg4 22. Nxf8 Bxd1 23. Rxd1 Rxf8 24. Bh3 Rad8 25. Ne5 a5 26. Qc5 axb4 27. axb4 Ra8 28. Bc1 Ra4 29. Bd2 Ne4 30. Qc2 Rfa8 31. Qxe4 Nxb4 32. Bxb4 Rxb4 33. Nd3 Rba4 34. Bf5 Rd8 35. Nc5 Rc4 36. Kg2 Rxc5 37. dxc5 Kf8 38. Rxd8+ Qxd8 39. Qd3 Qxd3 40. Bxd3 g6 41. h4 h5 42. Kf3 Ke7 43. Kf4 Ke6 44. Bc4+ Kf6 45. Bb3 Ke7 46. Kg5 1-0